Barroco y vanguardia (Record no. 177422)

MARC details
000 -LEADER
campo de control de longitud fija 01033nam a2200289 4500
001 - NÚMERO DE CONTROL
campo de control 177422
003 - IDENTIFICADOR DE NÚMERO DE CONTROL
campo de control ES-MaACL
005 - FECHA Y HORA DE LA ÚLTIMA TRANSACCIÓN
campo de control 20230907130053.0
008 - DATOS DE LONGITUD FIJA--INFORMACIÓN GENERAL
campo de control de longitud fija 110322s2008 sp |||| | spa d
017 ## - NÚMERO DE COPYRIGHT O DE DEPÓSITO LEGAL
Número de copyright o de depósito legal NA 2352-2008
020 ## - NÚMERO INTERNACIONAL ESTÁNDAR DEL LIBRO
Número Internacional Estándar del Libro 9788431325640
080 ## - NÚMERO DE LA CLASIFICACIÓN DECIMAL UNIVERSAL
Número de la Clasificación Decimal Universal 821.134.2 Quevedo, Francisco de 1.07
080 ## - NÚMERO DE LA CLASIFICACIÓN DECIMAL UNIVERSAL
Número de la Clasificación Decimal Universal 821.134.2 Valle-Inclán, Ramón del 1.07
100 1# - ENTRADA PRINCIPAL--NOMBRE DE PERSONA
Nombre de persona Swansey, Bruce.
9 (RLIN) 145795
245 10 - MENCIÓN DEL TÍTULO
Título Barroco y vanguardia
Resto del título : de Quevedo a Valle-Inclán /
Mención de responsabilidad, etc. Bruce Swansey.
250 ## - MENCION DE EDICION
Mención de edición 1ª ed.
260 ## - PUBLICACIÓN, DISTRIBUCIÓN, ETC.
Lugar de publicación, distribución, etc. Barañáin, Navarra :
Nombre del editor, distribuidor, etc. EUNSA,
Fecha de publicación, distribución, etc. 2008.
300 ## - DESCRIPCIÓN FÍSICA
Extensión 173 p. ;
Dimensiones 24 cm.
490 1# - MENCIÓN DE SERIE
Mención de serie Anejos de La Perinola ;
Designación de volumen o secuencia 19
504 ## - NOTA DE BIBLIOGRAFÍA, ETC.
Nota de bibliografía, etc. Bibliografía: p. [163]-173.
600 17 - PUNTO DE ACCESO ADICIONAL DE MATERIA--NOMBRE DE PERSONA
Nombre de persona Quevedo, Francisco de-
Subdivisión general Crítica e interpretación.
9 (RLIN) 94593
600 14 - PUNTO DE ACCESO ADICIONAL DE MATERIA--NOMBRE DE PERSONA
Nombre de persona Valle-Inclán, Ramón del,
Fechas asociadas al nombre 1866-1936-
Subdivisión general Crítica e interpretación
9 (RLIN) 112800
830 0# - PUNTO DE ACCESO ADICIONAL DE SERIE-TÍTULO UNIFORME
Título uniforme Anejos de La Perinola ;
Designación de volumen o secuencia 19
9 (RLIN) 224182
852 ## - LOCALIZACIÓN
Ubicación ES-MaACL
itemnumber 184240
Sublocalización o colección R.144708
Número de control de estantería A-11064
Signatura antigua Olim: N-4069
Ubicación en estantería Depósito 1
942 ## - ELEMENTOS DE ENTRADA SECUNDARIOS (KOHA)
Fuente del sistema de clasificación o colocación Clasificación decimal universal
Holdings
Estatus retirado Estado de pérdida Fuente del sistema de clasificación o colocación Estado de daño No para préstamo Biblioteca de origen Biblioteca actual Ubicación en estantería Fecha de adquisición Fuente de adquisición Total de préstamos Signatura topográfica completa Código de barras Visto por última vez Precio de reemplazo Tipo de ítem Koha
    Clasificación decimal universal     Biblioteca del Ateneo de Madrid Biblioteca del Ateneo de Madrid Depósito 1 22/03/2011 Donación   A-11064 1186346 23/02/2023 23/02/2023 Libro impreso